000
00201 a2200097 4500
020
_a
9780141371351
041
_a
eng
100
_a
Roald Dahl
245
_a
Charlie and the Chocolate Factory
942
_c
BK
999
_c
29004
_d
29002